NUCLEAR CHANNEL SYSTEM IN SECRETORY ENDOMETRIUM IN NATURAL CYCLE AND AFTER ESTRADIOL-PROGESTERONE SUBSTITUTION IN TRANSMISSION ELECTRON MICROSCOPY

Bibliographic Details
Main Authors: Fingerová, Helena, 1940- (Author), Oborná, Ivana (Author), Novotný, Radko (Author), Lichnovský, Václav (Author)
Format: Article
Language:English

MARC

LEADER 00000nab a2200000uu 4500
001 vtls010900690
003 SK-MaSNL
005 20260303141757.0
008 230222|2004 xo |||||||||||||||||eng|
015 |a SNBRB 
035 |a (urnnbn)urn:nbn:sk:snk:ar-a07lvj 
035 |a (uuid)81b62660-496f-4342-a1fe-c8d9c08a872b 
035 |a urn:nbn:sk:snk-ab8scv 
040 |a SNKBUCL  |b slo  |c SNKBUCL  |e AACR2 
041 0 |a eng 
044 |a xo  |c SK 
100 1 |a Fingerová, Helena,  |d 1940-  |4 aut  |9 8359 
245 1 0 |a NUCLEAR CHANNEL SYSTEM IN SECRETORY ENDOMETRIUM IN NATURAL CYCLE AND AFTER ESTRADIOL-PROGESTERONE SUBSTITUTION IN TRANSMISSION ELECTRON MICROSCOPY  |c Helena Fingerová, Ivana Oborná, Radko Novotný, Václav Lichnovský 
700 1 |a Oborná, Ivana  |4 aut  |9 1132783 
700 1 |a Novotný, Radko  |4 aut  |9 805055 
700 1 |a Lichnovský, Václav  |4 aut  |9 1161592 
773 0 |t Acta medica Martiniana : journal for biomedical sciences, clinical medicine and nursing  |g Roč. 4, č. 1 (2004), s. 20-27 
958 |a OND 
958 |a EUIPO 
958 |a article10 
999 |c 1978690  |d 1980620